GETS Theological Seminary Library

A common calling: (Record no. 17277)

MARC details
000 -LEADER
fixed length control field 00652nam a2200193Ia 4500
008 - FIXED-LENGTH DATA ELEMENTS--GENERAL INFORMATION
fixed length control field 200824s9999||||xx |||||||||||||| ||und||
020 ## - INTERNATIONAL STANDARD BOOK NUMBER
International Standard Book Number 0806626658 
020 ## - INTERNATIONAL STANDARD BOOK NUMBER
International Standard Book Number 9780806626659
041 ## - LANGUAGE CODE
Language code of text/sound track or separate title eng
050 ## - LIBRARY OF CONGRESS CALL NUMBER
Classification number BX8063.7
Item number .R4.C66 1993
245 #2 - TITLE STATEMENT
Title A common calling:
Remainder of title The Witness of our reformation churches in North America today /
Statement of responsibility, etc. edited by Keith F. Nickle
260 ## - PUBLICATION, DISTRIBUTION, ETC.
Place of publication, distribution, etc. Minneapolis, Minn. :
Name of publisher, distributor, etc. Augsburg,
Date of publication, distribution, etc. 1993
300 ## - PHYSICAL DESCRIPTION
Extent 82 p.
Other physical details ;
Dimensions 22 cm.
650 ## - SUBJECT ADDED ENTRY--TOPICAL TERM
Topical term or geographic name entry element Interfaith relations.
650 ## - SUBJECT ADDED ENTRY--TOPICAL TERM
Topical term or geographic name entry element Lutheran Church Relations Reformed Church.
650 ## - SUBJECT ADDED ENTRY--TOPICAL TERM
Topical term or geographic name entry element Reformed Church Relations Lutheran Church.
700 ## - ADDED ENTRY--PERSONAL NAME
Personal name Nickle, Keith F. 
Holdings
Withdrawn status Lost status Damaged status Not for loan Home library Current library Shelving location Date acquired Total Checkouts Full call number Barcode Date last seen Price effective from Koha item type
        GETS Theological Seminary Library GETS Theological Seminary Library General Stacks 08/24/2020   BX8063.7.R4.C66 1993 00005492 08/24/2020 08/24/2020 English Books
OpacCredits

Contact the Librarian, GETS Library
Email: library@mygets.org









Implemented by GETS Library
(Powered by ETCA Professional Group)
GETS Theological Seminary
412 E. Rowland Street, CA 91723